00756cam a22002171 450000100060000000300080000600500170001400800410003103500190007203500180009104000440010904100080015308200220016110000310018324500960021426000390031030000510034950400770040065000340047765000270051111869BD-RjUL20211208235209.0140127s1956 enkab b 001 0 eng  a(BD-RjUL)11918 a(OCoLC)808256 aDLCcOClUdOCoLCdUkdDLCdBD-RjULbeng aeng a630.966bSCS 19561 aSchlippe, Pierre ded1904-10aShifting cultivation in Africa :bthe Zande system of agriculture /cby Pierre De Schlippe. aLondon :bRoutledge & Paul,c1956. axxxi, 304 p. :billus., maps, plates ;c23 cm. aBibliographical references included in "Notes" (p. [245]-291) and index. 0aAgriculturezAfrica, Central. 0aZande (African people)